000
00272nam a22001097a 4500
999
_c
64847
_d
64844
082
_a
297.63 ASL
100
_a
محمد اسلم
245
_a
رسول اللہ کی زرعی منصوبُ بندی
260
_a
راو لپندی
_c
۱۹۸۶
300
_a
۲۲۸
942
_c
BK